DELTARUNE Items - Statistics

General Stats
  • This quiz has been taken 113 times
    41 since last reset
  • The average score is 51 of 108
Answer Stats
Hint Answer % Correct
Field of Hopesand Dreams Consumable Dark Candy
77%
Cyber City Weapon Thorn Ring
77%
Trash Zone Key Keygen
73%
Castle Town Key Lancer
73%
Hometown Weapon Wood Blade (Pencil)
73%
Card Castle Weapon Devilsknife
68%
Card Castle Armor Jevilstail
68%
Card Castle Key Shadow Crystal(Glass)
68%
TV WORLD Consumable TV Dinner
68%
Queen'sMansion Armor B.ShotBowtie
64%
Cyber Field Consumable CD Bagel
64%
Scarlet Forest Key Egg
64%
Cliffs Miscellaneous Glowshard
64%
Castle Town Key Rouxls Kaard
64%
S-Rank Room Armor Shadow Mantle
64%
Cyber City Weapon Snow Ring
64%
Castle Town Key Starwalker
64%
Hometown Armor Bandage
59%
TV WORLD Consumable Deluxe Dinner
59%
Scarlet Forest Weapon Ragger
59%
Castle Town Weapon Red Scarf
59%
Scarlet Forest Consumable Revive Mint
59%
Field of Hopesand Dreams Weapon Spookysword(Halloween Pencil)
59%
Field of Hopesand Dreams Consumable Top Cake
59%
S-Rank Room Consumable TV Slop
59%
Field of Hopesand Dreams Armor Amber Card
55%
Cold Place Weapon Black Shard
55%
Card Castle Weapon Brave Ax
55%
Field of Hopesand Dreams Key Broken Key A
55%
Scarlet Forest Key Broken Key B
55%
Field of Hopesand Dreams Key Broken Key C
55%
Field of Hopesand Dreams Consumable Darkburger
55%
Queen's Mansion Armor Dealmaker
55%
Hometown Consumable Hot Chocolate
55%
Cyber City Armor Pink Ribbon
55%
Queen's Mansion Weapon Puppet Scarf
55%
Cyber Field Weapon Ragger2
55%
Castle Town Armor Silver Card
55%
Field of Hopesand Dreams Consumable Spin Cake
55%
Trash Zone Consumable S. POISON
55%
TV WORLD Armor TennaTie
55%
TV WORLD Weapon Toxic Axe
55%
TV WORLD Armor Blue Ribbon
50%
Queen'sMansion Consumable Butler Juice
50%
Card Castle Consumable Clubs Sandwich
50%
S-Rank Room Consumable Flat Soda
50%
Scarlet Forest Consumable Hearts Donut
50%
Hometown Weapon Jingleblade (HolidayPencil)
50%
1st Sanctuary Weapon Justice Axe
50%
Scarlet Forest Consumable Lancer Cookie
50%
Cyber City Armor Mannequin
50%
Cyber Field Weapon Mecha Saber(Mechanical Pencil)
50%
Queen'sMansion Consumable Revive Dust
50%
Card Castle Consumable RouxlsRoux
50%
1st Sanctuary Consumable Scarlixir
50%
Cyber City Armor Silver Watch(Wristwatch)
50%
Castle Town Armor Twin Ribbon
50%
1st Sanctuary Weapon AbsorbAx
45%
Cyber City Weapon Bounce Blade (Eraser)
45%
Trash Zone Weapon Broken Sword
45%
Cliffs Key Cell Phone
45%
Card Castle Weapon Dainty Scarf
45%
Castle Town Consumable DD-Burger
45%
Scarlet Forest Armor Dice Brace
45%
TV WORLD Consumable Executive Buffet
45%
Cyber City Weapon Freeze Ring
45%
Cyber Field Armor Glow Wrist
45%
Field of Hopesand Dreams Weapon Mane Ax
45%
Castle Town Miscellaneous Manual
45%
TV WORLD Weapon Saber10 (CactusNeedle)
45%
Queen'sMansion Consumable Spaghetti Code
45%
Castle Town Armor Spike Band
45%
Field of Hopesand Dreams Armor White Ribbon
45%
1st Sanctuary Weapon Winglade (Quill Pen)
45%
Cyber Field Weapon Auto Axe
41%
Scarlet Forest Consumable Choco Diamond
41%
Cyber City Miscellaneous Dog Dollar
41%
Trash Zone Armor Frayed Bowtie
41%
Card Castle Armor Iron Shackle
41%
Castle Town Consumable Light Candy
41%
TV WORLD Armor LodeStone
41%
1st Sanctuary Consumable Rhapsotea
41%
Hometown Miscellaneous Ball of Junk
36%
Queen's Mansion Key Empty Disk
36%
Cyber Field Weapon Fiber Scarf
36%
TV WORLD Armor Ginger Guard
36%
2nd Sanctuary Armor Gold Widow
36%
Trash Zone Key Loaded Disk
36%
Cyber City Armor Royal Pin
36%
1st Sanctuary Armor Waferguard
36%
Hometown Miscellaneous Bouquet
32%
Field of Hopesand Dreams Key Broken Cake
32%
Queen's Mansion Armor Chain Mail
32%
Cyber City Consumable Tea
32%
1st Sanctuary Armor Mystic Band
27%
Cyber Field Consumable Tension Bit
27%
TV WORLD Consumable Tension Max
27%
Hometown Consumable Ancient Sweet
23%
1st Sanctuary Weapon Scarf Mark
23%
Castle Town Armor Tension Bow
23%
Hometown Consumable Box of Heart Candy
18%
1st Sanctuary Armor PrincessRBN
18%
TV WORLD Consumable Rotten Tea
18%
2nd Sanctuary Consumable Bittertear
14%
Hometown Miscellaneous Cards
14%
TV WORLD Weapon Flex Scarf
14%
TV WORLD Consumable Pipis
14%
Castle Town Consumable Tension Gem
14%
No matching quizzes found
Score Distribution
Percent of People with Each Score
Percentile by Number Answered
Your Score History
You have not taken this quiz since the last reset